Flagi państw na literę B - Statystyki

Ogólne statystyki
  • Ten quiz został rozwiązany 5 218 razy
  • Średni wynik to 14 z 17
Statystyki odpowiedzi
Obrazkowy Odpowiedź % Poprawnych
Brazylia
99%
Bośnia i Hercegowina
94%
Belgia
93%
Białoruś
93%
Bułgaria
91%
Bangladesz
89%
Bhutan
87%
Barbados
82%
Bahrajn
80%
Botswana
80%
Boliwia
77%
Belize
71%
Benin
71%
Burkina Faso
70%
Bahamy
67%
Brunei
67%
Burundi
64%
Nie znaleziono quizów pasujących do podanych kryteriów
Rozkład punktacji
Procent ludzi z każdym wynikiem
Percentyl według liczby udzielonych odpowiedzi
Twoja historia wyników
Nie rozwiązałeś tego quizu